Trọng tài thương mại Việt Nam trong tiến trình đổi mới

Enregistré dans:
Détails bibliographiques
Auteur principal: Dương Văn Hậu
Format: Livre
Langue:Undetermined
Publié: Hà Nội Chính trị Quốc gia 1999
Sujets:
Tags: Ajouter un tag
Pas de tags, Soyez le premier à ajouter un tag!
Thư viện lưu trữ: Trung tâm Học liệu Trường Đại học Cần Thơ
LEADER 00615nam a2200193Ia 4500
001 CTU_37361
008 210402s9999 xx 000 0 und d
020 |b 21.000đ 
082 |a 346.075 
082 |b H125/1999 
100 |a Dương Văn Hậu 
245 0 |a Trọng tài thương mại Việt Nam trong tiến trình đổi mới 
245 0 |c Dương Văn Hậu 
260 |a Hà Nội 
260 |b Chính trị Quốc gia 
260 |c 1999 
650 |a commercial laws 
904 |i Nguyễn Quang Điền, 000719 
980 |a Trung tâm Học liệu Trường Đại học Cần Thơ